|
|
|
|
| LEADER |
00000nam a22000007a 4500 |
| 005 |
20141119140443.0 |
| 007 |
cr|||| |||| |
| 008 |
141119c20009999us |||| s|||| 0|||a1eng d |
| 035 |
|
|
|a 4433
|
| 040 |
|
|
|a vLex
|
| 090 |
|
|
|c 5301
|d 5301
|
| 245 |
0 |
0 |
|a New Haven Register
|h [Recurso electrn̤ico]
|
| 256 |
|
|
|a Servicio en ln̕ea
|
| 260 |
|
|
|a New Haven :
|b New Haven Register,
|c 2000 -
|
| 300 |
|
|
|a 1 recurso electrn̤ico
|
| 362 |
|
|
|a Nm︢. 1 (2000) -
|
| 506 |
1 |
|
|a Contenido disponible en los productos indicados
|d vLex Global
|d vLex Global (Academic Edition, excluding Law Schools)
|d vLex Global (U.S. Academic Edition, excluding Law Schools)
|
| 650 |
0 |
4 |
|a Perid̤icos
|z Estados Unidos
|
| 740 |
0 |
|
|a vLex Revistas (Servicio en ln̕ea)
|
| 856 |
4 |
0 |
|u http://vlex.com/source/new-haven-register-4433/
|z Acceso restringido
|
| 942 |
|
|
|c REV
|
| 999 |
0 |
|
|a Newspapers
|